00825nam a2200217 a 450000100100000000500170001000800410002702000180006804000250008608200150011110000270012624501000015326000390025330000280029250000630032059000260038370000350040970000330044495201130047799900170059000004860120201002061252.0190402s2014 dr 000 m spa d a9789945131796 aDO-SdBNPbspacBNPHU axxxxbxxxx1 aRomán, Felipe97605210aJacob :bel amado de Dios /cFelipe Román ; ilustraciones Yadir Abreu Reyes, Danelsy Medrano. aSanto Domingo :bMediabyte,c2014. a360 p. :bil. ;c22 cm. aIncluye datos del autor en la solapa de la contracubierta. aInventariado, 2019/LP1 aAbreu Reyes, Yadir,eil9760531 aMedrano, Danelsy,eil976054 0010718PDaPDbPDcHDd2019-04-02iLF1l0oxxxx xxxxp48601-10r2020-06-25w2020-06-25yLFPDZNo se presta c48089d48089